El pensamiento y la acción en la vida de Juan Pablo Duarte / Carlos Federico Pérez y Perez (Registro nro. 10433)

Detalles MARC
000 -LEADER
fixed length control field 00695nam a22002171a 4500
001 - CONTROL NUMBER
control field 10433
003 - CONTROL NUMBER IDENTIFIER
control field OSt
005 - DATE AND TIME OF LATEST TRANSACTION
control field 20260204212159.0
008 - FIXED-LENGTH DATA ELEMENTS--GENERAL INFORMATION
fixed length control field 090202s2007||||dr ||||||b||||||||||spa||
020 ## - NUMERO DE LIBRO INTERNACIONAL NORMALIZADO
International Standard Book Number 9789945859119
050 ## - LIBRARY OF CONGRESS CALL NUMBER
Classification number RD 972.9367 P415d
100 ## - ASIENTO PRINCIPAL -- NOMBRE PERSONAL
Personal name Pérez y Pérez, Carlos Federico
245 ## - TÍTULO PROPIAMENTE DICHO: SUBTÍTULO
Title El pensamiento y la acción en la vida de Juan Pablo Duarte / Carlos Federico Pérez y Perez
250 ## - MENCIÓN DE EDICIÓN
Edition statement 2
264 ## - PRODUCTION, PUBLICATION, DISTRIBUTION, MANUFACTURE, AND COPYRIGHT NOTICE
Place of production, publication, distribution, manufacture Santo Domingo : Banreservas - Bibliófilos
300 ## - PHYSICAL DESCRIPTION
Extensión 278 p
490 ## - MENCIÓN DE SERIE
Series statement Colección Bibliófilo y Banreserva Vol. 1
650 ## - ASIENTO SECUNDARIO DE MATERIA -- TERMINO TEMÁTICO
Termino Temático Como Elemento de Entrada Juan Pablo Duarte - Historia Dominicana
710 ## - ASIENTO SECUNDARIO -- NOMBRE CORPORATIVO
Corporate name or jurisdiction name as entry element Banco de Reservas de la República DominicanaÌ
942 ## - ADDED ENTRY ELEMENTS (KOHA)
Source of classification or shelving scheme Dewey Decimal Classification
Koha item type Libros
Existencias
Withdrawn status Lost status Source of classification or shelving scheme Damaged status Not for loan Current library Date acquired Total Checkouts Full call number Barcode Date last seen Price effective from Koha item type
    Dewey Decimal Classification     Biblioteca UTECO 09/09/2019   RD 972.9367 P415D 014681 09/09/2019 09/09/2019 Libros
© 2021 Derechos Reservados UTECO - Teléfono: +1 809-585-2291 - Correo electrónico: biblioteca@uteco.edu.do​  
Código postal 43000 ​​
Dirección: Avenida Universitaria No. 100, 
Cotuí, Provincia Sánchez Ramírez, República Dominicana - RNC: 404-00059-6